| 000 | 00638nam a22002057a 4500 | ||
|---|---|---|---|
| 999 |
_c186457 _d186457 |
||
| 005 | 20220304151205.0 | ||
| 010 | _aENG-131842 | ||
| 020 |
_a9788176567527 _c490.00 |
||
| 035 | _aEN-115374 | ||
| 037 | _bDBAD/PUB | ||
| 082 | _a004 | ||
| 100 | _aSinha, Pradeep K | ||
| 245 |
_aComputer Fundamentals: _bConcepts,Systems & Applictions/ _cPradeep k.sinha & Priti sinha |
||
| 250 | _a8th edition | ||
| 260 |
_aNEW DELHI _bBPB publications _c2021 |
||
| 270 |
_a20,ANSARI ROAD darya ganj _bnew delhi _e110002 _k23254990 |
||
| 300 |
_axxiii, 510p. _c28cm(pbk) _bIndex |
||
| 700 | _aSinha,priti | ||
| 942 |
_2ddc _cEN _h004 _mSIN |
||